Arrest du Conseil d'Estat du roy qui proroge jusques au dernier janvier prochain le prix des anciens Louis d'or & d'argent non reformez en execution de l'edit du mois de may dernier dans les monoyes & bureaux des recettes royales : en confirmant le décry de ces especes dans le commerce : et ordonne que la diminution aura lieu à commencer au premier fevrier prochain : du 23 decembre 1704.

Bibliographic Details
Corporate Author: France. Conseil d'État
Format: eBook
Language:French
Published: A Paris : De l'imprimerie de Frederic Leonard ..., 1704.
Series:Making of the modern world (Goldsmiths'-Kress Library of Economic Literature)
Subjects:
Online Access:Connect to the full text of this electronic book

MARC

Tag First Indicator Second Indicator Subfields
LEADER 00000cam a2200000La 4500
001 in00002302425
005 20190326194812.0
006 m | d |
007 cr |n||||||||n
008 890406s1704 xx s f000 0 fre d
040 |a GKS  |c GKS  |d OCL  |d Thomson Gale  |d UtOrBLW 
043 |a e-fr--- 
110 1 |a France.  |b Conseil d'État. 
245 1 0 |a Arrest du Conseil d'Estat du roy qui proroge jusques au dernier janvier prochain le prix des anciens Louis d'or & d'argent non reformez en execution de l'edit du mois de may dernier dans les monoyes & bureaux des recettes royales :  |b en confirmant le décry de ces especes dans le commerce : et ordonne que la diminution aura lieu à commencer au premier fevrier prochain : du 23 decembre 1704. 
264 1 |a A Paris :  |b De l'imprimerie de Frederic Leonard ...,  |c 1704. 
300 |a 7 pages 
336 |a text  |b txt  |2 rdacontent 
337 |a computer  |b c  |2 rdamedia 
338 |a online resource  |b cr  |2 rdacarrier 
500 |a Reproduction of original from Goldsmiths' Library, University of London. 
500 |a Goldsmiths'-Kress number 04093. 
510 4 |a OCLC,  |c 20887686 
533 |a Electronic reproduction.  |b Farmington Hills, Mich. :  |c Thomson Gale,  |d 2005.  |f (The making of the modern world).  |n Available via the World Wide Web.  |n Access limited to licensing agreements.  |7 s2005 miunns 
500 |a Electronic resource. 
650 0 |a Coinage  |x Law and legislation  |z France  |v Early works to 1800. 
655 0 |a Electronic books. 
830 0 |a Making of the modern world (Goldsmiths'-Kress Library of Economic Literature) 
856 4 0 |u http://proxy.library.tamu.edu/login?url=http://galenet.galegroup.com/servlet/MOME?af=RN&ae=U100425273&srchtp=a&ste=14&locID=txshracd2898  |z Connect to the full text of this electronic book  |t 0 
999 |a MARS 
999 f f |s 67e757c9-329e-36e9-8a39-029e63541bc0  |i 3ee3ce35-4694-3e2a-afe8-0037e9b83675  |t 0 
952 f f |a Texas A&M University  |b College Station  |c Electronic Resources  |d Available Online  |t 0  |h No information provided 
998 f f |t 0  |l Available Online